Gares de la Haute Garonne - Statistiques

Statistiques générales
  • Ce quiz a été pris 139 fois
  • Le résultat moyen est 21 sur 44
Statistiques - réponses
Nombre de voyageurs Gares % Correct
14 526 190 Toulouse Matabiau
96%
954 165 Muret
89%
1 133 306 Saint Agne
79%
288 670 Colomiers
78%
363 672 Saint Gaudens
78%
196 230 Colomiers Lycée International
73%
336 119 Portet Saint Simon
63%
380 474 Carbonne
59%
259 556 Montréjeau - Gourdan Polignan
59%
236 920 Cazères
57%
284 802 Villefranche de Lauragais
57%
299 078 Boussens
55%
215 564 Labège Inopole
55%
8 428 Labège Village
55%
389 928 Auterive
52%
150 525 Longages - Noé
51%
274 003 Saint Jory
51%
306 065 Saint Cyprien Arènes
49%
104 508 Baziège
48%
218 967 Brax - Léguevin
48%
118 800 Pibrac
46%
72 598 Escalquens
45%
76 524 Montaudran
44%
36 201 Martres Tolosane
40%
420 549 Castelnau d'Estrétefonds
39%
97 105 Le Fauga
38%
9 948 Saint Martory
38%
216 825 Venerque - Le Vernet
38%
15 819 Saint Martin du Touch
37%
18 449 Lardenne
35%
208 074 Montastruc la Conseillère
35%
3 902 Montlaur
35%
49 370 Montrabé
34%
107 761 Cintegabelle
33%
64 835 Gallieni Cancéropole
33%
130 884 Pins justaret
33%
31 507 Avignonet
30%
74 918 Lacourtensourt
30%
15 521 Les Ramassiers
30%
7 134 Le Toec
30%
29 151 Villenouvelle
30%
30 851 Gragnague
28%
110 Roqueserière - Buzet
27%
56 212 Mérenvielle
24%
Aucun quiz correspondant
Distribution des résultats
% des personnes avec chaque résultat
Percentile par nombre de réponses
Votre historique - résultats
Vous n’avez pas pris ce quiz